Biblioteca

Asking and thanking - a meaningful unity (Registro nro. 70568)

Detalles MARC
000 -LÍDER
Campo fijo de descripción fija 01399nab a2200253 i 4500
001 - NÚMERO DE CONTROL
Campo de control 768714001
003 - IDENTIFICADOR DEL NÚMERO DE CONTROL
Campo de control CO-MdFUSB
005 - FECHA Y HORA DE LA ULTIMA TRANSACCIÓN
control field 20240723162131.0
008 - ELEMENTOS DE LONGITUD FIJA -- INFORMACIÓN GENERAL
Campo fijo de descripción fija -- Información general 240723t1990 enk||||| |||| 00| 0 eng d
040 ## - FUENTE DE CATALOGACIÓN
Idioma de catalogación spa
Agencia que realiza la transcripción CO-MdFUSB
Agencia que realiza la modificación CO-MdFUSB
041 ## - CÓDIGO DE IDIOMA
Código de idioma para texto/pista de sonido o título separado eng
100 ## - ASIENTO PRINCIPAL--NOMBRE PERSONAL
Nombre personal Schaller, Hans,
Fechas asociadas con el nombre 1942-
Término relacionador autor
245 ## - TÍTULO
Título Asking and thanking - a meaningful unity
Mención de responsabilidad / Hans Schaller ; traducido por John Bowden
520 ## - NOTA DE RESUMEN, ETC.
Nota de sumario, etc. La rutina diaria implica hacer peticiones y expresar gratitud. Y se usan palabras que son reconocibles y habituales en este escenario, que hacen parte del comportamiento diario, de la comunicación y su significado es evidente por sí mismo.<br/>Este artículo explora lo que, se presupone sin cuestionar cuando se hacen peticiones y se dan las gracias. ¿Qué contiene la oración o la acción de gracias? ¿Cuáles son las dimensiones más profundas de este comportamiento cotidiano?.
546 ## - NOTA DE IDIOMA
Nota de idioma Texto en inglés.
650 #7 - ASIENTO SECUNDARIO DE MATERIA - TERMINO TEMÁTICO
Término temático o nombre geográfico como elemento de entrada Oración
9 (RLIN) 86
650 #7 - ASIENTO SECUNDARIO DE MATERIA - TERMINO TEMÁTICO
Término temático o nombre geográfico como elemento de entrada Antropología cultural y social
9 (RLIN) 6714
650 #7 - ASIENTO SECUNDARIO DE MATERIA - TERMINO TEMÁTICO
Término temático o nombre geográfico como elemento de entrada Biblia y unidad cristiana
9 (RLIN) 7330
650 #7 - ASIENTO SECUNDARIO DE MATERIA - TERMINO TEMÁTICO
Término temático o nombre geográfico como elemento de entrada Teología pastoral y unidad cristiana
9 (RLIN) 7183
700 1# - ENTR. SECUNDARIA - Nombre Personal (R)
Nombre de persona Bowden, John
Fechas 1935-2010
773 0# - ASIENTO DE ITEM FUENTE
Biblionumber 70507
Itemnumber 82840
Lugar, editorial y fecha de publicación Londres : Board, 1966.
Otro identificador del ítem R2692
Título Concilium :
Número de control del registro (CO-MdFUSB)768714001
Número Internacional Normalizado para Publicaciones Seriadas (ISSN) 0010-5236
Parte(s) relacionada(s) / Volumen., número. (mes año), páginas Número 3, (junio, 1990), páginas: 1- 6
Enumeración y primera página página: 1
942 ## - TIPO DE MATERIAL (KOHA)
Tipo de Item KOHA Artículos de Revista
945 ## - INFORMACIÓN LOCAL DEL REGISTRO
Catalogador Catherine Arias Álvarez - Practicante SENA

No hay ítems disponibles.

Biblioteca FUSBC | Teléfono: (57+4) 349 88 10 Ext. 141| WhatsApp (+57) 3005338115 
E-mail: biblioteca@unisbc.edu.co | Calle 76 87-14 Robledo Palenque, Medellín, Colombia

Con tecnología Koha